000 00181nam a2200097Ia 4500
100 _a#N/A
942 _cBK
245 _aEmbedded Real time Systems
260 _b#N/A
082 _b22590
999 _c33014
_d33014